Empower B1+: Intermediate Student's Book with eBook.

Saved in:
Bibliographic Details
Main Authors: Doff, Adrian (Author), Thaine, Craig (Author), Stranks, Jeff (Author), Lewis-Jones, Peter (Author)
Other Authors: Puchta, Herbert (autor)
Format: Book
Published: Cambridge, United Kingdom: Cambridge University Press, 2022.
Edition:Second edition.
Subjects:
Tags: Add Tag
No Tags, Be the first to tag this record!

MARC

LEADER 00000cam a2200000 a 4500
001 UCC0467
003 CL-VaPUC
005 20250312142219.0
008 240507t2022 ||||| |||| 00| 0 eng d
999 |c 443683  |d 443681 
020 |a 978-1-108-95957-5 
040 |c Pontificia Universidad Católica de Valparaíso 
082 0 4 |a 428 DOFi 2022  |2 21 
100 0 |a Doff, Adrian  |e author  |9 594431 
245 1 0 |a Empower B1+: Intermediate Student's Book with eBook. 
250 |a Second edition. 
260 |a Cambridge, United Kingdom:  |b Cambridge University Press,  |c 2022. 
300 |a 166 páginas :  |b ilustraciones. 
500 |a c.1-17 Entrega Programa de Inglés. Memo PILE 049/2024 
583 |k Catalogador Asistente  |c 20240507 
650 0 |a Lengua inglesa  |x Educación lingüística  |x Estudio y enseñanza  |v Libros de texto  |9 318842 
700 0 |a Thaine, Craig  |e author  |9 594432 
700 |a Puchta, Herbert  |e autor  |9 594433 
700 0 |a Stranks, Jeff  |e author  |9 594434 
700 0 |a Lewis-Jones, Peter  |e author  |9 594435 
942 |c BK  |2 ddc 
952 |0 0  |1 0  |2 ddc  |4 0  |6 428_000000000000000_DOFI_2022  |7 0  |8 A  |9 594357  |a BIBGIM  |b BIBGIM  |d 2024-05-07  |e En comodato  |i 5660967  |l 1  |o 428 DOFi 2022  |p 5660967  |r 2025-03-28  |s 2025-03-25  |t 1  |w 2024-05-07  |y BK  |k ILG 
952 |0 0  |1 0  |2 ddc  |4 0  |6 428_000000000000000_DOFI_2022  |7 0  |8 A  |9 594358  |a BIBGIM  |b BIBGIM  |d 2024-05-07  |e En comodato  |i 5660968  |l 1  |o 428 DOFi 2022  |p 5660968  |r 2025-03-28  |s 2025-03-25  |t 2  |w 2024-05-07  |y BK  |k ILG 
952 |0 0  |1 0  |2 ddc  |4 0  |6 428_000000000000000_DOFI_2022  |7 0  |8 A  |9 594359  |a BIBGIM  |b BIBGIM  |d 2024-05-07  |e En comodato  |i 5660969  |o 428 DOFi 2022  |p 5660969  |r 2025-01-15  |t 3  |w 2024-05-07  |y BK  |k ILG 
952 |0 0  |1 0  |2 ddc  |4 0  |6 428_000000000000000_DOFI_2022  |7 0  |8 A  |9 594360  |a BIBGIM  |b BIBGIM  |d 2024-05-07  |e En comodato  |i 5660970  |l 1  |o 428 DOFi 2022  |p 5660970  |q 2025-05-30  |r 2025-03-25  |s 2025-03-25  |t 4  |w 2024-05-07  |y BK  |k ILG 
952 |0 0  |1 0  |2 ddc  |4 0  |6 428_000000000000000_DOFI_2022  |7 0  |8 A  |9 594361  |a BIBGIM  |b BIBGIM  |d 2024-05-07  |e En comodato  |i 5660971  |o 428 DOFi 2022  |p 5660971  |r 2025-01-15  |t 5  |w 2024-05-07  |y BK  |k ILG 
952 |0 0  |1 0  |2 ddc  |4 0  |6 428_000000000000000_DOFI_2022  |7 0  |8 A  |9 594362  |a BIBGIM  |b BIBGIM  |d 2024-05-07  |e En comodato  |i 5660972  |l 1  |o 428 DOFi 2022  |p 5660972  |r 2025-01-15  |s 2024-09-04  |t 6  |w 2024-05-07  |y BK  |k ILG 
952 |0 0  |1 0  |2 ddc  |4 0  |6 428_000000000000000_DOFI_2022  |7 0  |8 A  |9 594363  |a BIBENE  |b BIBENE  |d 2024-05-07  |e En comodato  |i 5660973  |o 428 DOFi 2022  |p 5660973  |r 2025-01-15  |t 7  |w 2024-05-07  |y BK  |k ILN 
952 |0 0  |1 0  |2 ddc  |4 0  |6 428_000000000000000_DOFI_2022  |7 0  |8 A  |9 594364  |a BIBENE  |b BIBENE  |d 2024-05-07  |e En comodato  |i 5660974  |o 428 DOFi 2022  |p 5660974  |r 2025-01-15  |t 8  |w 2024-05-07  |y BK  |k ILN 
952 |0 0  |1 0  |2 ddc  |4 0  |6 428_000000000000000_DOFI_2022  |7 0  |8 A  |9 594365  |a BIBENE  |b BIBENE  |d 2024-05-07  |e En comodato  |i 5660975  |o 428 DOFi 2022  |p 5660975  |r 2025-01-15  |t 9  |w 2024-05-07  |y BK  |k ILN 
952 |0 0  |1 0  |2 ddc  |4 0  |6 428_000000000000000_DOFI_2022  |7 0  |8 A  |9 594366  |a BIBENE  |b BIBENE  |d 2024-05-07  |e En comodato  |i 5660976  |o 428 DOFi 2022  |p 5660976  |r 2025-01-15  |t 10  |w 2024-05-07  |y BK  |k ILN 
952 |0 0  |1 0  |2 ddc  |4 0  |6 428_000000000000000_DOFI_2022  |7 0  |8 A  |9 594367  |a BIBENE  |b BIBENE  |d 2024-05-07  |e En comodato  |i 5660977  |o 428 DOFi 2022  |p 5660977  |r 2025-01-15  |t 11  |w 2024-05-07  |y BK  |k ILN 
952 |0 0  |1 0  |2 ddc  |4 0  |6 428_000000000000000_DOFI_2022  |7 0  |8 A  |9 594368  |a BIBENE  |b BIBENE  |d 2024-05-07  |e En comodato  |i 5660978  |o 428 DOFi 2022  |p 5660978  |r 2025-01-15  |t 12  |w 2024-05-07  |y BK  |k ILN 
952 |0 0  |1 0  |2 ddc  |4 0  |6 428_000000000000000_DOFI_2022  |7 0  |9 594369  |a FDOILP  |b FDOILP  |d 2024-05-07  |e En comodato  |i 5660979  |o 428 DOFi 2022  |p 5660979  |r 2024-05-07  |t 13  |w 2024-05-07  |y BK  |k ILP 
952 |0 0  |1 0  |2 ddc  |4 0  |6 428_000000000000000_DOFI_2022  |7 0  |9 594370  |a FDOILP  |b FDOILP  |d 2024-05-07  |e En comodato  |i 5660980  |o 428 DOFi 2022  |p 5660980  |r 2024-05-07  |t 14  |w 2024-05-07  |y BK  |k ILP 
952 |0 0  |1 0  |2 ddc  |4 0  |6 428_000000000000000_DOFI_2022  |7 0  |9 594371  |a FDOILP  |b FDOILP  |d 2024-05-07  |e En comodato  |i 5660981  |o 428 DOFi 2022  |p 5660981  |r 2024-05-07  |t 15  |w 2024-05-07  |y BK  |k ILP 
952 |0 0  |1 0  |2 ddc  |4 0  |6 428_000000000000000_DOFI_2022  |7 0  |9 594372  |a FDOILP  |b FDOILP  |d 2024-05-07  |e En comodato  |i 5660982  |o 428 DOFi 2022  |p 5660982  |r 2024-05-07  |t 16  |w 2024-05-07  |y BK  |k ILP 
952 |0 0  |1 0  |2 ddc  |4 0  |6 428_000000000000000_DOFI_2022  |7 0  |9 594373  |a FDOILP  |b FDOILP  |d 2024-05-07  |e En comodato  |i 5660983  |o 428 DOFi 2022  |p 5660983  |r 2024-05-07  |t 17  |w 2024-05-07  |y BK  |k ILP